Atti del II convegno sulla problematica contrattuale in diritto romano, in onore di Aldo Dell'Oro
Збережено в:
| Формат: | Книга |
|---|---|
| Мова: | Італійська мова Латинська |
| Опубліковано: |
Milán
LED
1998
|
| Серія: | Colloquium
|
| Предмети: | |
| Теги: |
Додати тег
Немає тегів, Будьте першим, хто поставить тег для цього запису!
|
MARC
| LEADER | 00000nam a2200000 a 4500 | ||
|---|---|---|---|
| 001 | UCL6667 | ||
| 003 | CL-VaPUC | ||
| 005 | 20221102171904.0 | ||
| 008 | 040416e19980000it 1 ita d | ||
| 020 | |a 8879160982 | ||
| 041 | 0 | 7 | |a ita |2 CL-VaPUC |
| 041 | 0 | 7 | |a lat |2 CL-VaPUC |
| 082 | 0 | 4 | |a 340.54 |b ATT |2 21 |
| 245 | 1 | 0 | |a Atti del II convegno sulla problematica contrattuale in diritto romano, in onore di Aldo Dell'Oro |
| 260 | |a Milán |b LED |c 1998 | ||
| 300 | |a 611 p | ||
| 490 | 0 | |a Colloquium | |
| 583 | |a last modification |c 20040416 00:00:00 |k Rodrigo Vera | ||
| 600 | 0 | |a Dell'Oro, Aldo |9 620562 | |
| 650 | 0 | 0 | |a Derecho romano |9 255930 |
| 650 | 0 | 0 | |a Contratos |9 255153 |
| 650 | 0 | 0 | |a Obligaciones |9 255578 |
| 942 | |c BK | ||
| 945 | |a cmena |d 20040416 00:00:00 | ||
| 546 | |a En Italiano | ||
| 546 | |a En Latín | ||
| 536 | |a LED | ||
| 518 | |p Covegno sulla Problematica Contrattuale in Diritto Romano, 2, Milano, 11-12 maggio 1995 | ||
| 999 | |c 384028 |d 384026 | ||
| 952 | |0 0 |1 0 |4 0 |6 340_540000000000000_ATT_1998 |7 0 |8 DER_ROM |9 506434 |a BIBDER |b BIBDER |d 2020-01-23 |i 399077K |l 1 |o 340.54 ATT 1998 |p 399077K |r 2023-01-25 |s 2020-03-16 |w 2020-01-23 |x Ubicación 4to piso |y BK |z Este recurso debe solicitarse con anticipación |k DER | ||